|
|
|
|
| LEADER |
005880000a22001690004500 |
| 020 |
|
|
|a 0-12-266542-2
|
| 082 |
|
|
|a 574.51 FRE
|
| 100 |
|
|
|a Freedman, Bill
|9 137809
|
| 245 |
|
|
|a Environmental Ecology , Ecological effects of pollution disturbance and other stresses
|
| 260 |
|
|
|a Newyork, Academic Press
|
| 260 |
|
|
|c 1995
|
| 650 |
|
|
|a Acidification
|9 137810
|
| 650 |
|
|
|a Biological Resourses
|9 137811
|
| 650 |
|
|
|a Pollution
|9 137812
|
| 942 |
|
|
|c BK
|
| 999 |
|
|
|c 177610
|d 177606
|
| 952 |
|
|
|0 0
|1 0
|4 0
|6 574_510000000000000_FRE
|7 0
|9 176053
|a SES
|b SES
|d 2019-05-16
|l 0
|o 574.51 FRE
|p SES01480
|r 2019-05-16
|w 2019-05-16
|y BK
|